-
THE LABOUR AND INDUSTRIAL CASES
Entry Corporate Name
Number of records used in: 43
001 - CONTROL NUMBER
003 - CONTROL NUMBER IDENTIFIER
005 - DATE AND TIME OF LATEST TRANSACTION
- control field:
20200604113654.0
008 - FIXED-LENGTH DATA ELEMENTS
- fixed length control field:
200604|| aca||aabn | a|a d
040 ## - CATALOGING SOURCE
- Original cataloging agency:
OSt
- Transcribing agency:
OSt
110 ## - HEADING--CORPORATE NAME
- Corporate name or jurisdiction name as entry element:
THE LABOUR AND INDUSTRIAL CASES
670 ## - SOURCE DATA FOUND
- Source citation:
Work cat.: (OSt)6811: THE LABOUR AND INDUSTRIAL CASES, THE LABOUR AND INDUSTRIAL CASES ANNUAL INDEX 2009 (V-4)